Стихотворения. Поэмы. Эссе. Лекции и эстетические миниатюры. Письма; Собрание сочинений в 3-х томах

Bibliographische Detailangaben
Parent link:Собрание сочинений в 3-х томах: Пер. с англ/ О. Уайльд. Т. 3
1. Verfasser: Уайльд О. Оскар
Sprache:Russisch
Veröffentlicht: Москва, ТЕРРА, 2000
Schlagworte:
Format: Buch
KOHA link:https://koha.lib.tpu.ru/cgi-bin/koha/opac-detail.pl?biblionumber=29367

MARC

LEADER 00000nam0a2200000 4500
001 29367
005 20231101205914.0
010 |a 5273000920 
035 |a (RuTPU)RU\TPU\book\29627 
035 |a BOOK00029702 
090 |a 29367 
100 |a 20011209d2000 u y0rusy50 ca 
101 1 |a rus 
102 |a RU 
105 |a  000ay 
200 1 |a Стихотворения. Поэмы. Эссе. Лекции и эстетические миниатюры. Письма 
210 |a Москва  |c ТЕРРА  |d 2000 
215 |a 592 с. 
327 1 |a Содерж.: Стихотворения; Поэмы; Эссе; Лекции и эстетические миниатюры; Письма. 
461 |t Собрание сочинений в 3-х томах  |o Пер. с англ  |f О. Уайльд  |v Т. 3 
610 1 |a стихотворения 
610 1 |a поэмы 
610 1 |a эссе 
610 1 |a лекции 
610 1 |a эстетические миниатюры 
610 1 |a письма 
675 |a 82  |v 3 
700 1 |a Уайльд  |b О.  |c английский писатель  |c поэт  |f 1854-1900  |g Оскар  |2 stltpush  |3 (RuTPU)RU\TPU\pers\12465  |9 3472 
801 0 |a RU  |b 63413507  |c 20011209  |g PSBO 
801 2 |a RU  |b 63413507  |c 20140913  |g RCR 
942 |c BK